000 00620nam a2200265Ia 4500
008 210210b2003 xxu||||| |||| 00| 0 eng d
020 _a012179461X
041 _aeng
082 _a574.133 COLH
100 _aCOLE (Richard J)
245 _aHandbook of secondary fungal metabolites Vol I
260 _aAmsterdam
_bAcademic Press
_c2003
300 _axi,1006
440 _aI
650 _aVol
650 _asecondary
650 _aof
650 _ametabolites
650 _aI
650 _aHandbook
650 _afungal
690 _aBiochemistry
700 _aSCHWEIKERT (Milbra A)
906 _a065945
999 _c147326
_d147326